000 00600nam a2200217Ia 4500
003 BUBTL
008 151213s9999 xx 000 0 und d
020 _a0-07-460068-0
082 _a658/C5525m
100 _a Chowdhury, S.
_93002
245 _aProject Management
_cS. Chowdhury
260 _aNew Delhi
_bTata mc Graw hill
_c1988
300 _axii , 244p . :
_bill . Table ; 21cm.
500 _aIncludes Index
650 _aManagement
_93003
650 _aManagement
_93003
700 _aS. Chowdhury
_93004
856 _k0
_l0
_yDownload
942 _2ddc
_cBK
999 _c3100
_d3100